Statistics for Presidential Names Containing Q, V, X, Z

Click here to take the quiz!

General Stats

  • This quiz has been taken 33 times
  • The average score is 8 of 12

Answer Stats

Hint Answer % Correct
ZZachary Taylor
96%
QJohn Quincy Adams
96%
VMartin Van Buren
78%
VFranklin D Roosevelt
78%
XRichard Nixon
78%
VTheodore Roosevelt
74%
VGrover Cleveland
57%
VCalvin Coolidge
57%
VHerbert Hoover
48%
XJames Knox Polk
39%
ZJohn Fitzgerald Kennedy
39%
VDwight David Eisenhower
30%

Score Distribution

Percentile by Number Answered

Percent of People with Each Score

Your Score History

You have not taken this quiz